000
00284nam a2200121Ia 4500
008
221030s9999 xx 000 0 und d
082
_a
105.23
245
0
_a
Job Satisfaction of Employees in J & K Bank
260
_b
JK Bank
_c
2008
300
_a
87
650
_a
Management
942
_c
TH
999
_c
9193
_d
9193